| 000 | 00580nam a22002177i 4500 | ||
|---|---|---|---|
| 003 | URS | ||
| 005 | 20220114152620.0 | ||
| 008 | 170309b xxu||||| |||| 00| 0 eng d | ||
| 020 | _a0671704966 | ||
| 040 |
_erda _cURSP-College Library _beng |
||
| 050 | 0 | 0 | _bSH261 1957 |
| 100 | 1 | _aShaw, George Bernard | |
| 245 |
_aPygmalion _cGeorge Bernard Shaw |
||
| 264 | 1 |
_aNew York _bPocket Books _c1957. |
|
| 300 |
_a112pages _c17cm. |
||
| 336 |
_atext _btxt _2rdacontent |
||
| 337 |
_aunmediated _bn _2rdamedia |
||
| 338 |
_avolume _bnc _2rdacarrier |
||
| 500 | _aIncludes | ||
| 942 |
_2lcc _cFR |
||
| 999 |
_c7065 _d7065 |
||